| 000 | 00800cad a22002055a 4500 | ||
|---|---|---|---|
| 001 | L150860 | ||
| 008 | 100729e20100903xxk 000 0 eng d | ||
| 035 | _a(Sirsi) u150860 | ||
| 041 | 0 | _aeng | |
| 050 | 0 | 4 | _a333.33 $2 18 |
| 245 | 0 | 0 |
_aHBF highlights vital role of housebuilding _h[electronic resource] |
| 260 | _c2010 | ||
| 490 |
_aHouse Builder _v3 September 2010 |
||
| 520 | _aOn the eve of New Homes Month, the Home Builders Federation (HBF) is calling for recognition of the crucial role housebuilding has to play in creating housing and jobs. | ||
| 590 | _aKA NTK | ||
| 651 | 4 |
_aUnited Kingdom _y |
|
| 690 | _aBUILT ENVIRONMENT-CONSTRUCTION MARKET | ||
| 856 | 4 | 0 |
_uhttps://www.house-builder.co.uk/rss/news.php?id=5184 _zView the item free of charge at www.house-builder.co.uk |
| 942 | _n0 | ||
| 999 |
_c82656 _d82656 |
||